Countries of the World (G-N) - Sudden Death - Statistics

General Stats
  • This quiz has been taken 2,580 times
    2,570 since last reset
  • The average score is 54 of 69
Answers on the Grid
Answers color-coded by a green-red scale on the quiz's grid according to % correct below.
Gabon
Gambia
Georgia
Germany
Ghana
Greece
Greenland
Grenada
Guatemala
Guinea
Guinea-Bissau
Guyana
Haiti
Holland
Honduras
Hong Kong
Hungary
Iceland
India
Indonesia
Ionia
Iran
Iraq
Ireland
Irrawaddy
Israel
Italy
Ivory Coast
Jamaica
Japan
Java
Jordan
Jutland
Kamchatka
Kashmir
Kazakhstan
Kenya
Kiribati
Kosovo
Kurdistan
Kuwait
Kyrgyzstan
Laos
Lapland
Latvia
Lebanon
Lesotho
Liberia
Libya
Liechtenstein
Lithuania
Lombardy
Luxembourg
Madagascar
Madeira
Malawi
Malaysia
Maldives
Malé
Mali
Malta
Manchuria
Mandalay
Marshall Islands
Martinique
Mauritania
Mauritius
Mexico
Moldova
Monaco
Mongolia
Montenegro
Montserat
Morocco
Mozambique
Myanmar
Namibia
Nauru
Nepal
Netherlands
New Zealand
Newfoundland
Nicaragua
Niger
Nigeria
Normandy
North Korea
North Macedonia
Northumberland
Norway
 
Answer Stats
Answer % Correct
Gabon
95%
Germany
95%
Greece
94%
Georgia
93%
Ghana
93%
Gambia
92%
Guatemala
87%
Guinea
85%
Guinea-Bissau
85%
Haiti
84%
Grenada
82%
Guyana
82%
Honduras
81%
India
80%
Iran
80%
Hungary
79%
Iceland
79%
Iraq
79%
Israel
79%
Italy
79%
Indonesia
78%
Ireland
78%
Ivory Coast
78%
Jamaica
78%
Japan
78%
Jordan
78%
Kazakhstan
78%
Kenya
78%
Kuwait
77%
Lebanon
77%
Lithuania
77%
Kyrgyzstan
76%
Laos
76%
Libya
76%
Luxembourg
76%
Malta
76%
Kosovo
75%
Latvia
75%
Lesotho
75%
Liberia
75%
Liechtenstein
75%
Madagascar
75%
Malawi
75%
Malaysia
75%
New Zealand
75%
Kiribati
74%
Mexico
74%
Mongolia
74%
Morocco
74%
Myanmar
74%
Namibia
74%
Nepal
74%
North Korea
74%
Maldives
73%
Mali
73%
Moldova
73%
Monaco
73%
Montenegro
73%
Mozambique
73%
Netherlands
73%
Nicaragua
73%
Niger
73%
Nigeria
73%
Norway
73%
Marshall Islands
72%
Mauritania
72%
Mauritius
72%
North Macedonia
72%
Nauru
70%
No matching quizzes found
Score Distribution
Percent of People with Each Score
Percentile by Number Answered
Your Score History
You have not taken this quiz since the last reset